La Chine aujourd'hui : (Volume 8) (notice n° 2170903)
[ vue normale ]
| 000 -LEADER | |
|---|---|
| fixed length control field | 00770cam a2200133 4500500 |
| 005 - DATE AND TIME OF LATEST TRANSACTION | |
| control field | 20260405041612.0 |
| 041 ## - LANGUAGE CODE | |
| Language code of text/sound track or separate title | fre |
| 042 ## - AUTHENTICATION CODE | |
| Authentication code | dc |
| 100 10 - MAIN ENTRY--PERSONAL NAME | |
| Personal name | Michaud, Yves |
| Relator term | author |
| 245 00 - TITLE STATEMENT | |
| Title | La Chine aujourd'hui : (Volume 8) |
| 260 ## - PUBLICATION, DISTRIBUTION, ETC. | |
| Name of publisher, distributor, etc. | Odile Jacob,<br/> |
| Date of publication, distribution, etc. | 2006.<br/> |
| 520 ## - SUMMARY, ETC. | |
| Summary, etc. | Ce volume inédit de l’Université de tous les savoirs fait le point sur la Chine actuelle, entre modernité et tradition : comment définir le régime politique chinois d’aujourd’hui ? Quelle est de nos jours la place de la Chine dans le monde ? Quels sont les différents aspects de la vie culturelle et intellectuelle chinoise ? Pour une nouvelle histoire de la Chine. |
| 856 41 - ELECTRONIC LOCATION AND ACCESS | |
| Uniform Resource Identifier | <a href="https://shs.cairn.info/la-chine-aujourd-hui--9782738112835?lang=fr&redirect-ssocas=7080">https://shs.cairn.info/la-chine-aujourd-hui--9782738112835?lang=fr&redirect-ssocas=7080</a> |
Pas d'exemplaire disponible.




Réseaux sociaux